Canciones para ella
Guardat en:
| Autor principal: | |
|---|---|
| Format: | Llibre |
| Idioma: | Undetermined |
| Publicat: |
Buenos Aires, Argentina
Glem
1943
|
| Matèries: | |
| Etiquetes: |
Afegir etiqueta
Sense etiquetes, Sigues el primer a etiquetar aquest registre!
|
MARC
| LEADER | 00000nam a2200000Ia 4500 | ||
|---|---|---|---|
| 008 | 170316s9999 xx 000 0 und d | ||
| 040 | |a cru BVZT | ||
| 090 | |a 840 V-9c | ||
| 100 | |a Verlaine, paul | ||
| 245 | |a Canciones para ella | ||
| 260 | |a Buenos Aires, Argentina | ||
| 260 | |b Glem | ||
| 260 | |c 1943 | ||
| 300 | |a 157 páginas | ||
| 650 | |a LITERATURA FRANCESA | ||
| 999 | |c 8063 |d 8063 | ||
| 942 | |c 15 D |h 840 V-9c |2 z | ||
